| 000 | 02896nam a2200277Ia 4500 | ||
|---|---|---|---|
| 999 |
_c30715 _d30715 |
||
| 003 | CO-CtgCURN | ||
| 005 | 20250409212017.0 | ||
| 008 | 220303s9999 xx 000 0 und d | ||
| 020 | _a9789587950816 | ||
| 040 |
_aCO-CtgCURN _bspa _ccoctgcurn |
||
| 082 |
_a344.01 _bI76de |
||
| 100 |
_aIsaza Cadavid, Germán. _eautor _95465 |
||
| 245 | 0 |
_aDerecho laboral aplicado : _bderecho laboral general, derecho laboral individual, derecho laboral colectivo, derecho procesal laboral, régimen de seguridad social y de pensiones / _cGermán Isaza Cadavid |
|
| 250 | _a25 edición | ||
| 260 |
_aBogotá, Colombia : _bLeyer, _c2021 |
||
| 300 |
_a874 páginas ; _c 23 centímetros |
||
| 500 | _aIncluye índice | ||
| 504 | _aIncluye referencias bibliográficas | ||
| 505 | _aCap.1. Derecho laboral general -- Cap.2. El trabajo y el derecho laboral. -- Cap.3. Los reglamentos de trabajo. --Cap.4. Derecho laboral individual -- Cap.5. El contrato de trabajo. -- Cap.6. Jornada de trabajo y descansos obligatorios. -- Cap.7. Régimen salarial. -- Cap.8. Las prestaciones sociales. -- Cap.9. El adolescente trabajador. -- Cap.10. Derecho laboral colectivo -- Cap.11. El derecho de asociación sindical y su organización. -- Cap.12. Conflictos, convenciones y pactos colectivos de trabajo. -- Cap.13. Régimen de seguridad social y de pensiones -- Cap.14. La seguridad social en Colombia. -- Cap.15. Régimen de seguridad social en salud -- Cap.16. Sistema general de pensiones. -- Cap.17. Sistema general de riesgos profesionales. -- Cap.18. Protección a la maternidad. -- Cap.19. Derecho procesal laboral -- Cap.20. Ejercicio y prescripción de acciones laborales. -- Cap.21. Jurisdicción, competencia y administración de justicia laboral. -- Cap.22. El proceso laboral. -- Cap.23. El proceso ordinario laboral. -- Cap.24. Procesos laborales especiales | ||
| 520 | _aIntegradamente se presenta esta obra, la cual abarca gran parte del derecho laboral, en sus diferentes facetas. Derecho laboral general. Trabajo y derecho laboral. Reglamentos de trabajo. Derecho laboral individual. Prestaciones sociales. Menor trabajador. Derecho de asociación sindical y su organización. Conflictos, convenciones y pactos colectivos de trabajo. Régimen de Seguridad Social y de Pensiones. Seguridad social en Colombia. Régimen de Seguridad Social en Salud. Sistema General de Pensiones. Sistema General de Riesgos Laborales. Protección a la maternidad. Derecho procesal laboral. Ejercicio y prescripción de acciones laborales. Jurisdicción, competencia y administración de justicia laboral. Proceso laboral. Proceso ordinario y procesos laborales especiales | ||
| 521 | _aAREA PROFESIONAL | ||
| 590 | _aPrograma de Derecho_18 | ||
| 650 |
_aDerecho laboral _zColombia _95466 |
||
| 942 |
_cBK _h344.01 _iI76de _2ddc _01 |
||